LEADER 04414nam 2200541 450 001 9910465252503321 005 20200520144314.0 010 $a3-504-38400-X 024 7 $a10.9785/ovs.9783504384005 035 $a(CKB)2560000000313311 035 $a(EBL)2129601 035 $a(MiAaPQ)EBC2129601 035 $a(DE-B1597)427034 035 $a(OCoLC)913191089 035 $a(OCoLC)918623207 035 $a(DE-B1597)9783504384005 035 $a(Au-PeEL)EBL2129601 035 $a(CaPaEBR)ebr11088175 035 $a(CaONFJC)MIL816954 035 $a(EXLCZ)992560000000313311 100 $a20150820h20142014 uy 0 101 0 $ager 135 $aur|n|---||||| 181 $2rdacontent 182 $2rdamedia 183 $2rdacarrier 200 00$aSteuerberater-Jahrbuch 2013/2014 $ezugleich Bericht u?ber den 65. Fachkongress der Steuerberater, Ko?ln, 8. und 9. Oktober 2013 /$fherausgegeben im Auftrag des Fachinstituts der Steuerberater von Prof. Dr. Thomas Ro?dder, Manfred Gu?nkel 210 1$aCologne, [Germany] :$cVerlag Dr. Otto Schmidt,$d2014. 210 4$d©2014 215 $a1 online resource (572 p.) 225 0 $aSteuerberater-Jahrbuch ;$v013 300 $aIncludes index. 327 $t Frontmatter -- $tVorwort -- $tInhalt -- $t1. Leitthema: Unternehmenssteuerrecht 1 -- $tRechtsprechungs-Highlights zum Unternehmenssteuerrecht der Kapitalgesellschaften / $rGosch, Dietmar -- $tRechtsprechungs-Highlights zum Unternehmenssteuerrecht der Personengesellschaften / $rWendt, Michael -- $tSteuerpolitik nach der Bundestagswahl / $rNeumann, Steffen -- $t2. Leitthema: Unternehmenssteuerrecht 2 -- $tPraxisfragen der kleinen Organschaftsreform im Inlandsfall / $rSchumacher, Andreas / Kiontke, Anita -- $tDas Streubesitzdividendengesetz / $rFörster, Guido / Lang, Bianca -- $tDie Stille Reserven-Klausel in § 8c KStG / $rSchneider, Norbert -- $t3. Leitthema: Unternehmenssteuerrecht 3 -- $tPraxisfragen des Teilbetriebsbegriffs / $rNeumann, Ralf / Benz, Sebastian -- $tPraktische Erkenntnisse zu den Sperrfristen des UmwStG / $rKöhler, Stefan -- $tDie Wegzugsbesteuerung und der neue § 50i EStG / $rHruschka, Franz / Lüdicke, Jochen -- $t4. Leitthema: Bilanzsteuerrecht -- $tDer Beschluss des Großen Senats zum subjektiven Fehlerbegriff / $rBrandenberg, Hermann / Prinz, Ulrich -- $tSchuldübernahme, Schuldbeitritt und stille Lasten / $rSchlotter, Carsten / Hörhammer, Evelyn -- $tAktuelle Fälle des Bilanzsteuerrechts / $rGünkel, Manfred -- $t5. Leitthema: Internationales Steuerrecht -- $tPraktische Auswirkungen der neuen steuerlichen Gewinnermittlung ausländischer Betriebsstätten / $rKomander, Ulrich -- $t§ 14 Abs. 1 Satz 1 Nr. 5 KStG n.F. / $rBenecke, Andreas / Blumenberg, Jens -- $tDeutsche Verhandlungsgrundlage für Doppelbesteuerungsabkommen - Eine kritische Analyse / $rDitz, Xaver -- $t6. Leitthema: Umsatzsteuerrecht -- $tAlte und neue Probleme der umsatzsteuerrechtlichen Organschaft unter Beachtung aktueller Entwicklungen in Rechtsprechung und Verwaltung / $rKüffner, Thomas / Rust, Michael -- $tDie Gelangensbestätigung - Spagat zwischen Theorie und Praxis / $rMarhofer-Ferlan, Helga -- $t"Das Reihengeschäft" - Steht die deutsche Regelung auf dem Prüfstand? / $rLooks, Nicole -- $t7. Leitthema: Steuerrecht und besondere Beratungsrisiken -- $tTax Compliance im Konzern / $rKaeser, Christian -- $tIdeal und Wirklichkeit der Vollverzinsung im Steuerrecht / $rDrüen, Klaus-Dieter -- $tDie Neuregelungen zur Beseitigung der Cash-Gesellschaft durch das Amtshilferichtlinie-Umsetzungsgesetz Zugleich Anmerkungen zu den gleich lautenden Ländererlassen vom 10.10.2013 / $rMannek, Wilfried -- $t§ 1 Abs. 3a GrEStG zur Abwehr sog. RETT-Blocker-Gestaltung / $rGeck, Reinhard -- $tSachregister 330 $aDas Steuerberater-Jahrbuch bietet der Beratungspraxis Jahr für Jahr eine detaillierte Auseinandersetzung mit ausgewählten Themenschwerpunkten. 606 $aCorporations$xTaxation$xLaw and legislation 608 $aElectronic books. 615 0$aCorporations$xTaxation$xLaw and legislation. 676 $a343.067 702 $aRo?dder$b Thomas 702 $aGu?nkel$b Manfred 712 02$aAuftrag des Fachinstituts der Steuerberater. 801 0$bMiAaPQ 801 1$bMiAaPQ 801 2$bMiAaPQ 906 $aBOOK 912 $a9910465252503321 996 $aSteuerberater-Jahrbuch 2013$92479325 997 $aUNINA LEADER 01019cam a2200289 a 4500 001 991001887339707536 008 121116s2012 pn b 001 0 eng d 020 $a9789350255711 035 $ab14086852-39ule_inst 040 $aDip.to Fisica$beng 082 00$a617.7/1$223 084 $aLC RE76 084 $a617.7 100 1 $aRoy, Frederick Hampton$0477766 245 10$aOcular differential diagnosis /$cFrederick Hampton Roy 250 $a9th ed. 260 $aPanama City, Panama :$bJaypee Highlights Medical,$cc2012 300 $axix, 548 p. ;$c25 cm 504 $aIncludes bibliographical references and index 650 0$aEye$xDiseases$xDiagnosis 650 0$aDiagnosis, Differential 907 $a.b14086852$b08-07-15$c16-11-12 912 $a991001887339707536 945 $aLE006 617.7 ROY$g1$i2006000167666$lle006$op$pE66.81$q-$rl$s- $t0$u1$v2$w1$x0$y.i15460277$z16-11-12 996 $aOcular differential diagnosis$9241004 997 $aUNISALENTO 998 $ale006$b16-11-12$cm$da $e-$feng$gpn $h0$i0